[Event "SVK-ch U10 Girls"]
[Site "Liptovsky Mikulas"]
[Date "2017.04.26"]
[Round "7"]
[White "Filipiak, Magdalena"]
[Black "Ferencakova, Natalia"]
[Result "1/2-1/2"]
[WhiteElo "1195"]
[BlackElo "1174"]
[PlyCount "50"]
[EventDate "2017.04.22"]
[EventType "swiss"]
[EventRounds "9"]
[EventCountry "SVK"]
[SourceTitle "CBM 178 Extra"]
[Source "ChessBase"]
[SourceDate "2017.06.22"]
[SourceVersion "1"]
[SourceVersionDate "2017.06.22"]
[SourceQuality "1"]

1. e4 e5 2. Nf3 Nc6 3. Bc4 Bc5 4. d3 d6 5. c3 Bg4 6. h3 Bh5 7. 0-0 Qd7 8. Nbd2 Nf6 9. Re1 0-0-0 10. Nf1 h6 11. b4 Bb6 12. a4 a5 13. Be3 Bxe3 14. Rxe3 axb4 15. cxb4 Nxb4 16. Qb3 c5 17. a5 Qc6 18. Bxf7 Bxf7 19. Qxf7 Nc2 20. Ree1 Nxe1 21. Rxe1 Rd7 22. Qb3 c4 23. dxc4 Nxe4 24. Rb1 Nc5 25. Qb2 Na4 1/2-1/2

[Event "SVK-ch U10 Girls"]
[Site "Liptovsky Mikulas"]
[Date "2017.04.25"]
[Round "6"]
[White "Mrmusova, Magdalena"]
[Black "Ferencakova, Natalia"]
[Result "0-1"]
[WhiteElo "1251"]
[BlackElo "1174"]
[PlyCount "50"]
[EventDate "2017.04.22"]
[EventType "swiss"]
[EventRounds "9"]
[EventCountry "SVK"]
[SourceTitle "CBM 178 Extra"]
[Source "ChessBase"]
[SourceDate "2017.06.22"]
[SourceVersion "1"]
[SourceVersionDate "2017.06.22"]
[SourceQuality "1"]

1. e4 e5 2. Nf3 Nc6 3. Bc4 Bc5 4. d3 Nf6 5. Bg5 d6 6. h3 0-0 7. Nc3 Kh8 8. Nd5 a6 9. 0-0 b5 10. Bb3 a5 11. a4 bxa4 12. Rxa4 Ba6 13. Qd2 Bb5 14. Raa1 Nd4 15. Nxd4 Bxd4 16. Nxf6 gxf6 17. Bh6 Rg8 18. Bxf7 Qd7 19. Bxg8 Rxg8 20. Kh1 f5 21. f4 Bc6 22. fxe5 fxe4 23. Qf4 exd3 24. Qxd4 Qxh3+ 25. Kg1 Qxg2# 0-1

[Event "SVK-ch U08 Girls"]
[Site "Stara Lubovna"]
[Date "2014.04.12"]
[Round "7"]
[White "Ferencakova, Natalia"]
[Black "Kusa, Stela"]
[Result "0-1"]
[WhiteElo "1000"]
[BlackElo "1000"]
[PlyCount "52"]
[EventDate "2014.04.05"]
[EventType "tourn"]
[EventRounds "7"]
[EventCountry "SVK"]
[SourceTitle "EXT 2016"]
[Source "ChessBase"]
[SourceDate "2015.10.08"]
[SourceVersion "1"]
[SourceVersionDate "2015.10.08"]
[SourceQuality "1"]

1. e4 e5 2. Nf3 Nc6 3. Bc4 Nd4 4. Nxd4 exd4 5. d3 Nf6 6. e5 Bb4+ 7. Bd2 Bxd2+ 8. Nxd2 d6 9. exf6 Qxf6 10. Ne4 Qg6 11. Bd5 Qxg2 12. Ke2 Bg4+ 13. Kd2 Bxd1 14. Kxd1 Qxh1+ 15. Kd2 Qxa1 16. Ng5 0-0 17. Bxf7+ Kh8 18. Ke2 Qxb2 19. h4 Qxc2+ 20. Kf1 Qxd3+ 21. Kg2 Qe2 22. a3 d3 23. Bb3 Rxf2+ 24. Kg3 Qf1 25. Bc4 Qg1+ 26. Kh3 Rh2# 0-1